[Event "IMSA Blitz Men 2019"]
[Site "Hengshui"]
[Date "2019.05.17"]
[Round "2.1"]
[White "Rapport, Richard"]
[Black "Andreikin, Dmitry"]
[Result "1/2-1/2"]
[WhiteElo "2736"]
[BlackElo "2722"]
[Annotator "TA"]
[PlyCount "115"]
[EventDate "2019.05.17"]
[EventType "blitz"]
[EventCountry "CHN"]
[SourceTitle "playchess.com"]
[Source "ChessBase"]
[SourceQuality "1"]

{[%evp 9,114,19,87,0,0,20,24,-6,-15,-58,-47,-58,-41,-93,-74,-77,0,0,0,0,54,-35,-17,-25,-43,-101,-99,-80,16,20,45,50,56,-26,-16,-26,-27,-47,-45,-43,-44,-46,-39,-29,-9,-102,-87,-181,0,-91,-52,-63,-53,-143,-142,-145,-145,-127,-137,-137,-118,-135,-140,-134,-79,-81,-70,-70,-63,-66,-8,-8,0,0,0,0,0,-6,-8,-8,-8,-8,-8,-8,-8,-8,-8,-8,-8,-8,-8,-8,0,0,0,0,0,0,0,0,7,7,8,8,8,8,8]} 1. b3 d5 2. Bb2 Nf6 3. e3 Bg4 4. f3 Bd7 5. c4 $146 ({Predecessor:} 5. d4 c5 6. Nc3 Nc6 7. Qd2 e6 8. Nge2 Rc8 9. g4 h6 10. Bg2 a6 11. O-O b5 {1-0 (46) Jobava,B (2708)-Volkov,S (2583) Sochi 2014}) 5... c5 (5... e6 $11 {keeps the balance.}) 6. f4 {A01: Nimzowitsch-Larsen Opening} (6. Bxf6 $1 $16 {Hoping for Bb2.} exf6 7. cxd5) 6... d4 $11 7. Nf3 Nc6 8. exd4 {White has an edge.} cxd4 9. g3 Bf5 10. Bg2 e6 11. a3 (11. O-O $15) 11... h5 12. O-O h4 ({Black should play} 12... a5 $17 13. a4 Bc5) 13. Nxh4 Rxh4 14. gxh4 Bd6 ({Better is} 14... g6 $11) 15. d3 (15. Bxc6+ $14 bxc6 16. Bxd4) 15... Ng4 $1 $15 16. Qf3 Qxh4 {[%csl Gg4][%cal Rh4h2]} 17. Qh3 (17. Qg3 $1 $15 Qxg3 18. hxg3) 17... Qxh3 $17 18. Bxh3 O-O-O (18... Ne3 $17 19. Rf3 Bxd3) 19. Nd2 $11 Rh8 20. Bxg4 Bxg4 21. Rae1 (21. Ne4 $14 Bc7 22. Rf2) 21... g5 $1 $36 {[%mdl 2048] Black has the initiative.} 22. fxg5 Bxh2+ 23. Kf2 Ne5 24. Bxd4 Nxd3+ {[%mdl 64] Double Attack} 25. Kg2 Nxe1+ 26. Rxe1 Rh5 27. Ne4 (27. Be5 $11 Bxe5 28. Rxe5) 27... Bf4 28. Bg1 (28. Bxa7 $17 {is a better defense.} Rh2+ 29. Kf1) 28... Bxg5 $2 (28... Rh3 $1 $19 29. Bc5 Rd3 30. Bxa7 Rxb3) 29. Nd6+ (29. Kg3 $1 $11 {remains equal.} Bf5 30. Nd6+ Kc7 31. Nxf5 exf5 32. Re5) 29... Kb8 {Threatens to win with ...Bf4.} 30. Nxf7 Bf4 $1 31. Re4 {[#]} (31. Bd4 $15) 31... Bh3+ $1 $17 32. Kf3 {[#]} Bc7 $1 33. Ke2 Bf5 34. Rd4 Rh3 35. c5 Rxb3 36. a4 a5 (36... b6 $142 37. Rh4 Bg3 38. Rh8+ Kc7) 37. Nd6 Rb4 38. Nb5 Rxd4 39. Bxd4 $15 {[%mdl 4096] Endgame KBB-KBN} Bd8 ({Black should try} 39... Bg4+ $15 40. Kf2 Bf4) 40. Be5+ $11 {The position is equal.} Kc8 {And now ...Kd7 would win.} 41. Nd6+ Kd7 {Strongly threatening ...Kc6.} 42. Nxb7 Be7 43. Nxa5 {White wants to play c6+.} Bxc5 44. Nb3 Bb4 45. Nd4 Be4 46. Ke3 Bd5 47. Kd3 Kc8 48. Nc2 Be7 49. Kc3 (49. Ne3 {feels hotter.} Bc6 50. Nc4 Bd8 51. Nb2 Kb7 52. Kc4) 49... Kb7 50. Nb4 Bxb4+ (50... Bf3 {keeps more tension.} 51. a5 Bd8 52. a6+ Kb6 53. Kc4 Be2+) 51. Kxb4 {KB-KB} Ka6 52. a5 {[%cal Ba4a5,Ba5a6][%mdl 32]} Bc6 53. Bd4 Kb7 54. Be5 $1 Ka8 55. Kc5 Bb5 56. Kxb5 Kb7 57. a6+ Ka8 58. Kb6 {Accuracy: White = 38%, Black = 55%.} 1/2-1/2

[Event "IMSA Blitz Men 2019"]
[Site "Hengshui"]
[Date "2019.05.17"]
[Round "2.1"]
[White "Bu, Xiangzhi"]
[Black "Jones, Gawain C B"]
[Result "1-0"]
[WhiteElo "2729"]
[BlackElo "2702"]
[Annotator "TA"]
[PlyCount "87"]
[EventDate "2019.05.17"]
[EventType "blitz"]
[EventCountry "CHN"]
[SourceTitle "playchess.com"]
[Source "ChessBase"]
[SourceQuality "1"]

{[%evp 14,87,25,25,93,89,75,49,64,79,78,68,107,82,88,92,222,220,242,250,293,276,464,458,507,515,512,502,489,516,505,455,522,515,535,473,519,518,622,616,847,842,828,828,964,964,893,976,1250,1234,1452,1401,1379,1163,1329,1154,1441,1435,2257,2204,2180,2137,29974,29975,29981,29982,29990,29991,29991,29989,29990,29991,29991,29992,29993,29994]} 1. Nf3 Nf6 2. c4 g6 3. g3 Bg7 4. Bg2 O-O 5. O-O c6 6. b3 d5 7. Bb2 Re8 8. d4 c5 $146 {D78: Fianchetto Grünfeld: 6 0-0 c6} (8... Bf5 $11) ({Predecessor:} 8... Ne4 9. e3 Bg4 10. h3 Bxf3 11. Bxf3 e6 12. Nd2 Nxd2 13. Qxd2 Nd7 14. Rfd1 Nf6 15. Rac1 a6 16. Qe2 {½-½ (50) Shankland,S (2717)-Cori Tello,J (2659) Montevideo 2018}) 9. dxc5 $16 dxc4 10. Nbd2 {[%cal Bb1d2,Bd2b3,Bb3a5,Ba5c6][%mdl 32]} Na6 {White is slightly better.} 11. c6 cxb3 12. Nxb3 bxc6 13. Ne5 {And now Qxd8 would win.} Bb7 14. Nxc6 Qb6 (14... Qxd1 $16 {keeps fighting.} 15. Rfxd1 (15. Raxd1 Ne4 $16) 15... e6) 15. Bd4 $18 Qb5 16. Nba5 ({And not} 16. Nxa7 {[#]} Rxa7 $1 {[%mdl 512]} 17. a4 Qb4 $17) 16... Bxc6 17. Nxc6 e5 $2 (17... Nc7 18. Rc1 (18. Nxa7 Qa6 $16) 18... Qa6) 18. Rb1 Qxb1 19. Qxb1 exd4 {[#]} 20. Ne7+ $1 {[%mdl 576] Discovered Attack} Rxe7 21. Bxa8 Nc7 22. Bf3 Ne6 23. Rc1 h5 24. Qb4 Re8 25. Qb7 Ng5 26. Rc8 Nxf3+ 27. exf3 Rxc8 28. Qxc8+ Kh7 29. Qa6 Nd5 30. Qxa7 Nc3 31. Qxf7 d3 32. Qd7 Ne2+ 33. Kf1 Nd4 34. Ke1 Nxf3+ 35. Kd1 Nxh2 36. Qxd3 Ng4 37. Ke2 Kh6 38. a4 {[%cal Ba2a4,Ba4a5,Ba5a6,Ba6a7][%mdl 32] White mates.} Ne5 39. Qd5 g5 40. a5 h4 41. gxh4 gxh4 42. a6 Ng6 43. Qe4 h3 44. a7 {Accuracy: White = 93%, Black = 33%.} 1-0

[Event "IMSA Blitz Men 2019"]
[Site "Hengshui"]
[Date "2019.05.17"]
[Round "2.1"]
[White "Le, Quang Liem"]
[Black "Vidit, Santosh Gujrathi"]
[Result "1/2-1/2"]
[WhiteElo "2704"]
[BlackElo "2707"]
[Annotator "RC"]
[PlyCount "110"]
[EventDate "2019.05.17"]
[EventType "blitz"]
[EventCountry "CHN"]
[SourceTitle "playchess.com"]
[Source "ChessBase"]
[SourceQuality "1"]
[TimeControl "180+2"]

1. Nf3 {[%emt 0:00:00]} Nf6 {[%emt 0:00:00]} 2. c4 {[%emt 0:00:01]} c5 {[%emt 0:00:00]} 3. Nc3 {[%emt 0:00:02]} Nc6 {[%emt 0:00:01]} 4. g3 {[%emt 0:00:05]} d5 {[%emt 0:00:02]} 5. d4 {[%emt 0:00:05]} cxd4 {[%emt 0:00:03]} 6. Nxd4 {[%emt 0:00:02]} dxc4 {[%emt 0:00:01]} 7. Nxc6 {[%emt 0:00:03]} Qxd1+ {[%emt 0:00:02]} 8. Nxd1 {[%emt 0:00:01]} bxc6 {[%emt 0:00:01]} 9. Bg2 {[%emt 0:00:03]} Nd5 {[%emt 0:00:01]} 10. Ne3 {[%emt 0:00:01]} e6 {[%emt 0:00:01]} 11. Nxc4 {[%emt 0:00:02]} Ba6 {[%emt 0:00:01]} 12. b3 {[%emt 0:00:24]} Bb4+ {[%emt 0:00:03]} 13. Bd2 {[%emt 0:00:01]} Ke7 {[%emt 0:00:02]} 14. Rc1 {[%emt 0:00:06]} Rhc8 {[%emt 0:00:22]} 15. Na5 {[%emt 0:00:20]} c5 {[%emt 0:00:33]} 16. Bxb4 {[%emt 0:00:40]} cxb4 {[%emt 0:00:02]} 17. Kd2 {[%emt 0:00:01]} Bb5 {[%emt 0:00:09]} 18. Bxd5 {[%emt 0:00:26]} exd5 {[%emt 0:00:01]} 19. a3 {[%emt 0:00:12]} bxa3 {[%emt 0:00:04]} 20. Rxc8 {[%emt 0:00:01]} Rxc8 {[%emt 0:00:02]} 21. Ra1 {[%emt 0:00:01]} Kd6 {[%emt 0:00:40]} 22. b4 {[%emt 0:00:14]} Rc7 {[%emt 0:00:21]} 23. Rxa3 {[%emt 0:00:02]} a6 {[%emt 0:00:02]} 24. e3 {[%emt 0:00:05]} g5 {[%emt 0:00:12]} 25. Rc3 {[%emt 0:00:20]} Re7 {[%emt 0:00:10]} 26. Rc8 {[%emt 0:00:06]} Re4 {[%emt 0:00:21]} 27. Rd8+ {[%emt 0:00:02]} Ke7 {[%emt 0:00:08]} 28. Rxd5 {[%emt 0:00:02]} Rxb4 {[%emt 0:00:01]} 29. Rxg5 {[%emt 0:00:07]} Rb2+ {[%emt 0:00:03]} 30. Kc3 {[%emt 0:00:02]} Rxf2 {[%emt 0:00:02]} 31. Rh5 {[%emt 0:00:01]} Re2 {[%emt 0:00:08]} 32. Rxh7 {[%emt 0:00:07]} Rxe3+ {[%emt 0:00:01]} 33. Kb4 {[%emt 0:00:03]} Re4+ {[%emt 0:00:04]} 34. Kc5 {[%emt 0:00:01]} Ra4 {[%emt 0:00:06]} 35. Kb6 {[%emt 0:00:03]} Kf6 {[%emt 0:00:03]} 36. h3 {[%emt 0:00:09]} Kg6 {[%emt 0:00:04]} 37. Rh8 {[%emt 0:00:02]} Kg7 {[%emt 0:00:03]} 38. Rh5 {[%emt 0:00:01]} f6 {[%emt 0:00:03]} 39. g4 {[%emt 0:00:04]} Ra3 {[%emt 0:00:02]} 40. Nb7 {[%emt 0:00:03]} Bf1 {[%emt 0:00:09]} 41. g5 {[%emt 0:00:05]} Kg6 {[%emt 0:00:03]} 42. Rh8 {[%emt 0:00:04]} fxg5 {[%emt 0:00:02]} 43. Rg8+ {[%emt 0:00:02]} Kh6 {[%emt 0:00:02]} 44. Rh8+ {[%emt 0:00:03]} Kg7 {[%emt 0:00:01]} 45. Rd8 {[%emt 0:00:01]} Bxh3 {[%emt 0:00:02]} 46. Nc5 {[%emt 0:00:01]} a5 {[%emt 0:00:02]} 47. Rd5 {[%emt 0:00:03]} Kg6 {[%emt 0:00:01]} 48. Ne4 {[%emt 0:00:01]} Bf5 {[%emt 0:00:02]} 49. Rd6+ {[%emt 0:00:02]} Kh5 {[%emt 0:00:02]} 50. Nf6+ {[%emt 0:00:02]} Kh4 {[%emt 0:00:00]} 51. Rd5 {[%emt 0:00:01]} Be6 {[%emt 0:00:04]} 52. Rxa5 {[%emt 0:00:01]} Rxa5 {[%emt 0:00:04]} 53. Kxa5 {[%emt 0:00:01]} Kg3 {[%emt 0:00:02]} 54. Ne4+ {[%emt 0:00:00]} Kf4 {[%emt 0:00:01]} 55. Nxg5 {[%emt 0:00:01]} Kxg5 {[%emt 0:00:00]} 1/2-1/2

[Event "IMSA Blitz Men 2019"]
[Site "Hengshui"]
[Date "2019.05.17"]
[Round "2.1"]
[White "Ponomariov, Ruslan"]
[Black "Yu, Yangyi"]
[Result "1/2-1/2"]
[WhiteElo "2675"]
[BlackElo "2739"]
[Annotator "TA"]
[PlyCount "162"]
[EventDate "2019.05.17"]
[EventType "blitz"]
[EventCountry "CHN"]
[SourceTitle "playchess.com"]
[Source "ChessBase"]
[SourceQuality "1"]

{[%evp 13,162,30,35,35,35,36,34,32,48,27,30,33,37,26,65,0,17,11,7,7,15,7,0,10,10,0,3,0,30,30,33,32,37,29,53,36,82,44,45,0,2,0,37,40,78,82,123,0,0,0,0,0,270,270,270,270,261,221,226,212,268,268,370,226,226,81,81,81,81,81,385,81,81,81,81,81,81,45,81,81,81,81,81,81,81,81,81,81,81,81,81,81,81,81,81,81,81,81,81,81,0,0,81,81,81,0,81,81,81,81,81,0,81,81,81,72,72,72,72,0,72,72,72,72,72,72,72,72,72,72,72,72,72,72,72,72,72,72,72,0,0,0,0,0,0,0,0,0,0,0,0]} 1. e4 e5 2. Bc4 Nf6 3. d3 Nc6 4. Nf3 Be7 5. O-O O-O 6. Re1 d6 7. a4 Na5 8. Ba2 {C55: Two Knights: 4 d3, 4 d4 exd4 5 e5 and Max Lange Attack} c5 9. c3 Nc6 10. Na3 {White is slightly better.} (10. Nbd2 h6 11. Nf1 Re8 12. h3 Bf8 13. Ne3 Be6 14. Bxe6 Rxe6 15. Nd5 Re8 16. Nxf6+ Qxf6 {½-½ (30) Jakovenko,D (2719)-Yu,Y (2751) Shenzhen 2019}) 10... Be6 11. Bxe6 fxe6 12. Bd2 a6 13. Nc4 Rb8 $146 ({Predecessor:} 13... h6 14. b4 b5 15. Ne3 cxb4 16. axb5 axb5 17. Rxa8 Qxa8 {½-½ (33) Niewold,J (1903)-Spoor,E ICCF email 2015}) 14. Ne3 ({White should play} 14. Ng5 $14 Qd7 15. a5) 14... h6 15. b4 cxb4 16. cxb4 b5 17. axb5 axb5 18. Qb3 Qd7 19. Rec1 Kh7 20. Ra6 Nd4 21. Nxd4 exd4 22. Nf1 Rbc8 23. Rxc8 Rxc8 24. h3 Qb7 25. Ra2 d5 26. Ng3 (26. e5 $5 {[%cal Re5f6]} Nd7 27. f4 $11) 26... dxe4 27. dxe4 Rc4 28. e5 Nd5 {aiming for ...Nc3.} 29. Qd3+ $1 g6 {[#]} 30. Qf3 (30. h4 $1 $16 {[%cal Rh4h5][%mdl 512] Hoping for h5.} h5 (30... Bxh4 31. Ne4) 31. Nxh5 Bxb4 32. Nf4 Nxf4 33. Bxf4) 30... Bxb4 $11 31. Bxb4 Rxb4 32. Ne4 Ra4 $2 {[%mdl 8192]} (32... Qc7 $11 {and Black has nothing to worry.}) 33. Nc5 $1 $18 {[%csl LRa4,LRb7,LRe6][%mdl 64] Double Attack} Qa7 34. Nxa4 bxa4 {[%mdl 4096] Endgame KQR-KQN} 35. Qf8 d3 36. Qa3 {[%mdl 64] Double Attack} Qd4 {...d2 is the strong threat.} 37. Qxa4 Qxe5 38. Qd7+ Qg7 39. Qxe6 (39. Qd6 $18 {has better winning chances.}) 39... Nc3 $16 40. Rd2 Ne2+ 41. Kh2 {Black must now prevent Qe3.} Qa1 $2 {[%mdl 8192]} (41... Qc7+ $16 42. g3 Qc1 43. Rxe2 dxe2) 42. Rxe2 $2 (42. Qd7+ $18 {is more deadly.} Kg8 43. Qd8+ Kh7 44. Qc7+ Kh8 45. Qc8+ Kh7 46. Qb7+ Kg8 47. Qb3+ Kg7 48. Qb2+ Qxb2 49. Rxb2) 42... dxe2 43. Qxe2 $18 {KQ-KQ} Qf6 44. g3 h5 45. Kg2 Kg7 46. Qe4 Qc3 47. Qe7+ Kg8 48. Qd7 Qe5 49. Qc6 Kg7 50. h4 Qd4 51. Qe6 Qc3 52. Qe7+ Kg8 53. Qe4 Kg7 54. Kf1 Qa1+ 55. Ke2 Qb2+ 56. Ke3 {Threatens to win with Qd4+.} Qc1+ 57. Ke2 ({White should try} 57. Kd4 $11) 57... Qb2+ $1 $16 {[#]} 58. Kf3 $1 Qf6+ 59. Kg2 Qc3 $1 60. Qe6 Qd4 61. Kf1 Qd1+ 62. Kg2 Qd4 63. Qe3 Qd5+ 64. f3 Qa2+ 65. Kh3 Qa1 {[%cal Ra1h1]} 66. Kg2 (66. Kh2 $16) 66... Qb2+ (66... Qa2+ $1 $11 {remains equal.} 67. Kh3 Qf7) 67. Qf2 Qc3 68. Qe2 Qd4 69. Qc2 Qe5 70. Qd2 Qa1 71. Kf2 Qa7+ 72. Ke2 Qa6+ 73. Qd3 Qa2+ 74. Ke3 Qa5 75. Qd4+ Kg8 76. Qf6 ({Better is} 76. Ke2 $16) 76... Qe1+ $11 {[%mdl 64] Double Attack. The position is equal.} 77. Kf4 Qc1+ 78. Ke4 Qe1+ 79. Kf4 Qd2+ 80. Ke5 Qe1+ 81. Kf4 Qd2+ {Accuracy: White = 54%, Black = 74%.} 1/2-1/2

[Event "IMSA Blitz Men 2019"]
[Site "Hengshui"]
[Date "2019.05.17"]
[Round "2.1"]
[White "Leko, Peter"]
[Black "Fedoseev, Vladimir"]
[Result "1/2-1/2"]
[WhiteElo "2674"]
[BlackElo "2683"]
[Annotator "TA"]
[PlyCount "84"]
[EventDate "2019.05.17"]
[EventType "blitz"]
[EventCountry "CHN"]
[SourceTitle "playchess.com"]
[Source "ChessBase"]
[SourceQuality "1"]

{[%evp 12,84,15,4,20,17,16,16,28,24,29,25,13,15,21,15,18,12,34,29,25,33,31,27,43,25,37,28,85,0,0,0,29,10,30,36,33,23,48,35,50,37,76,65,72,50,50,50,48,42,54,0,0,0,0,0,0,-44,-31,-45,-33,-89,0,0,0,0,0,0,0,0,0,0,0,0,0]} 1. e4 c5 2. Nf3 d6 3. Bb5+ Nd7 4. d4 cxd4 5. Qxd4 a6 6. Bxd7+ Bxd7 7. O-O Rc8 {B51: Sicilian: Moscow Variation (3 Bb5+) without 3...Bd7} 8. Nc3 e5 9. Qd3 h6 10. Nd2 Nf6 (10... Be6 11. Rd1 Nf6 12. Nf1 Bc4 13. Qf3 Bxf1 14. Kxf1 Be7 15. Qd3 Rc6 {½-½ (30) Ni,H (2674)-Fedoseev,V (2702) China 2019}) 11. Nc4 Be6 12. Ne3 Be7 13. Rd1 O-O 14. Bd2 Qb6 15. a4 $146 ({Predecessor:} 15. b3 Qc6 16. Rac1 {0-1 (60) Kozak,A (2076)-Orndahl,M (2182) Katowice 2017}) 15... Qd4 16. Be1 Qxd3 17. Rxd3 Rc6 18. f3 Bd8 19. a5 b5 (19... Ne8 $11 {remains equal.}) 20. axb6 (20. Na2 $16) 20... Bxb6 $11 {White must now prevent ...Bc4.} 21. Bf2 Ra8 22. Rd2 Bd4 23. Ned1 Bxc3 24. Nxc3 Rb8 25. Nd5 Bxd5 26. exd5 Rcc8 {[#]} 27. b3 $1 Ra8 28. Ra5 Kf8 29. c4 Nd7 30. Rda2 Rcb8 $1 31. R2a3 (31. R5a3 $14) 31... Ke7 32. Kf1 Rb7 $1 33. Be1 Rab8 34. b4 Rc8 35. Rxa6 {Strongly threatening Rc6.} Rxc4 36. Ra7 {[#]} (36. R6a5 $15) 36... Rcc7 (36... Rxa7 $1 $17 37. Rxa7 Rd4) 37. Rxb7 {The position is equal.} Rxb7 {KRB-KRN} 38. Ra5 Nb6 39. Ke2 Nc4 40. Ra6 Nb6 41. Ra5 Nc4 42. Ra6 Nb6 {Accuracy: White = 56%, Black = 53%.} 1/2-1/2

[Event "IMSA Blitz Men 2019"]
[Site "Hengshui"]
[Date "2019.05.17"]
[Round "2.1"]
[White "Cheparinov, Ivan"]
[Black "Korobov, Anton"]
[Result "0-1"]
[WhiteElo "2667"]
[BlackElo "2687"]
[Annotator "ChessBase"]
[PlyCount "46"]
[EventDate "2019.05.17"]
[EventType "blitz"]
[EventCountry "CHN"]
[SourceTitle "playchess.com"]
[Source "ChessBase"]
[SourceQuality "1"]
[TimeControl "180+2"]

1. d4 {[%emt 0:00:00]} d5 {[%emt 0:00:00]} 2. c4 {[%emt 0:00:00]} c6 {[%emt 0:00:01]} 3. Nf3 {[%emt 0:00:01]} Nf6 {[%emt 0:00:01]} 4. g3 {[%emt 0:00:01]} Bg4 {[%emt 0:00:06]} 5. Ne5 {[%emt 0:00:11]} Bf5 {[%emt 0:00:04]} 6. cxd5 {[%emt 0:00:10]} cxd5 {[%emt 0:00:07]} 7. Nc3 {[%emt 0:00:08]} e6 {[%emt 0:00:08]} 8. f3 {[%emt 0:00:17]} Nfd7 {[%emt 0:00:50]} 9. Nxd7 {[%emt 0:00:32]} Nxd7 {[%emt 0:00:03]} 10. e4 {[%emt 0:00:01]} dxe4 {[%emt 0:00:04]} 11. fxe4 {[%emt 0:00:01]} Bg6 {[%emt 0:00:01]} 12. e5 {[%emt 0:00:19]} Qb6 {[%emt 0:00:15]} 13. Bg2 {[%emt 0:00:11]} Rd8 {[%emt 0:00:02]} 14. Qa4 {[%emt 0:00:17]} Bb4 {[%emt 0:00:17]} 15. a3 {[%emt 0:00:15]} Bxc3+ {[%emt 0:00:21]} 16. bxc3 {[%emt 0:00:01]} O-O {[%emt 0:00:01]} 17. Qb4 {[%emt 0:00:17]} Qa6 {[%emt 0:00:02]} 18. Bf4 {[%emt 0:00:18]} Nb6 {[%emt 0:00:07]} 19. Kf2 {[%emt 0:00:06]} Nd5 {[%emt 0:00:05]} 20. Bxd5 {[%emt 0:00:06]} Rxd5 {[%emt 0:00:02]} 21. Rhe1 {[%emt 0:00:05]} Rb5 {[%emt 0:00:07]} 22. Qd6 {[%emt 0:00:02]} Rb2+ {[%emt 0:00:02]} 23. Kg1 {[%emt 0:00:05]} Qd3 {[%emt 0:00:01]} 0-1

[Event "IMSA Blitz Men 2019"]
[Site "Hengshui"]
[Date "2019.05.17"]
[Round "2.1"]
[White "Mamedov, Rauf"]
[Black "Gelfand, Boris"]
[Result "1/2-1/2"]
[WhiteElo "2650"]
[BlackElo "2676"]
[Annotator "TA"]
[PlyCount "82"]
[EventDate "2019.05.17"]
[EventType "blitz"]
[EventCountry "CHN"]
[SourceTitle "playchess.com"]
[Source "ChessBase"]
[SourceQuality "1"]

{[%evp 16,82,0,-4,0,0,0,0,15,8,20,8,20,-41,8,-18,0,-64,-41,-41,-41,-83,-31,-27,-20,-52,-56,-116,-93,-127,-79,-90,-109,-118,-33,-25,-29,-24,-40,-26,-28,-64,-51,-53,-54,-100,-108,-79,-42,-37,-25,-60,-45,-94,-14,-13,-8,-9,-8,-8,0,0,0,-13,0,0,0,-14,0]} 1. e4 e5 2. Nc3 Nf6 3. g3 d5 4. exd5 Nxd5 5. Bg2 Nxc3 6. bxc3 Nc6 7. Nf3 Bc5 8. O-O O-O 9. d3 f6 {C47: Scotch Four Knights and Four Knights with 4 g3} (9... Bg4 10. h3 Bh5 11. g4 Bg6 12. Re1 e4 13. dxe4 Qxd1 14. Rxd1 Bxe4 15. Nd4 Bxg2 16. Kxg2 Rfd8 17. Be3 Ne5 18. Bf4 {½-½ (33) Mamedyarov,S (2801)-Giri,A (2782) chess.com INT 2018}) 10. Nd2 Be6 11. Nb3 Bb6 12. c4 $146 ({Predecessor:} 12. Ba3 Re8 13. c4 Bd4 {1-0 (29) Zhadko,V (2198)-Martinenco,S (1843) Kishinev 2014}) 12... a5 13. a4 Qd7 14. Be3 ({White should try} 14. Rb1 $11) 14... Rad8 15. Qe1 Nb4 16. Qc3 (16. Bxb6 $11 cxb6 17. Qc3) 16... Bxe3 17. fxe3 b6 18. d4 Bh3 ({Black should play} 18... Bf5 $17 19. Rf2 exd4 20. Nxd4 Bg6) 19. Bxh3 $1 $15 Qxh3 20. d5 Qg4 21. Rf2 (21. Nd2 $15) 21... Qe4 22. Rd1 Rd7 23. Nc1 Rfd8 24. Qb3 Kh8 (24... Na6 $17 {Threatens to win with ...Nc5.} 25. Nd3 Qxe3) 25. Nd3 Qxe3 26. Nxb4 Qxb3 27. cxb3 axb4 $11 {[%mdl 4096] Endgame KRR-KRR} 28. Ra1 Ra8 29. g4 Kg8 30. a5 bxa5 31. Rfa2 {[#]} c6 $1 32. dxc6 Rda7 33. Rd2 Rc7 34. Rd5 {[#]} Rxc6 (34... a4 $1 $17 {With the idea ...a3.} 35. Kf2 Ra6) 35. Raxa5 {The position is equal.} Rxa5 36. Rxa5 $17 {KR-KR} Rd6 {And now ...Rd3 would win.} 37. Rb5 Rd1+ 38. Kf2 Rd2+ 39. Kg1 Rd1+ 40. Kf2 Rd2+ 41. Kg1 Rd1+ {Accuracy: White = 52%, Black = 37%.} 1/2-1/2

[Event "IMSA Blitz Men 2019"]
[Site "Hengshui"]
[Date "2019.05.17"]
[Round "2.2"]
[White "Yu, Yangyi"]
[Black "Ponomariov, Ruslan"]
[Result "1/2-1/2"]
[WhiteElo "2739"]
[BlackElo "2675"]
[Annotator "ChessBase"]
[PlyCount "110"]
[EventDate "2019.05.17"]
[EventType "blitz"]
[EventCountry "CHN"]
[SourceTitle "playchess.com"]
[Source "ChessBase"]
[SourceQuality "1"]
[TimeControl "180+2"]

1. e4 {[%emt 0:00:00]} c6 {[%emt 0:00:00]} 2. d4 {[%emt 0:00:00]} d5 {[%emt 0:00:00]} 3. e5 {[%emt 0:00:01]} c5 {[%emt 0:00:00]} 4. dxc5 {[%emt 0:00:01]} e6 {[%emt 0:00:01]} 5. Nf3 {[%emt 0:00:01]} Bxc5 {[%emt 0:00:02]} 6. Bd3 {[%emt 0:00:01]} Nc6 {[%emt 0:00:02]} 7. O-O {[%emt 0:00:01]} f6 {[%emt 0:00:04]} 8. Qe2 {[%emt 0:00:36]} fxe5 {[%emt 0:00:05]} 9. Nxe5 {[%emt 0:00:01]} Nf6 {[%emt 0:00:01]} 10. Bg5 {[%emt 0:00:04]} O-O {[%emt 0:00:05]} 11. Nxc6 {[%emt 0:00:17]} bxc6 12. Nd2 Bd6 {[%emt 0:01:08]} 13. Nf3 {[%emt 0:00:02]} Qc7 {[%emt 0:00:02]} 14. Rae1 {[%emt 0:00:01]} Ng4 {[%emt 0:00:11]} 15. h3 {[%emt 0:00:05]} Nh2 {[%emt 0:00:15]} 16. Nxh2 {[%emt 0:00:02]} Bxh2+ 17. Kh1 Bf4 {[%emt 0:00:07]} 18. Bxf4 {[%emt 0:00:19]} Qxf4 {[%emt 0:00:02]} 19. Qe5 {[%emt 0:00:08]} Bd7 {[%emt 0:00:07]} 20. g3 {[%emt 0:00:09]} Qxe5 {[%emt 0:00:07]} 21. Rxe5 {[%emt 0:00:01]} a5 {[%emt 0:00:06]} 22. f4 {[%emt 0:00:07]} g6 {[%emt 0:00:06]} 23. Kg2 {[%emt 0:00:02]} Rfb8 {[%emt 0:00:04]} 24. b3 {[%emt 0:00:01]} a4 {[%emt 0:00:01]} 25. h4 {[%emt 0:00:09]} axb3 {[%emt 0:00:02]} 26. axb3 {[%emt 0:00:00]} Ra2 {[%emt 0:00:09]} 27. Rf2 {[%emt 0:00:04]} c5 {[%emt 0:00:09]} 28. h5 {[%emt 0:00:03]} Kg7 {[%emt 0:00:01]} 29. hxg6 {[%emt 0:00:13]} hxg6 {[%emt 0:00:01]} 30. Rg5 {[%emt 0:00:01]} Be8 {[%emt 0:00:00]} 31. g4 {[%emt 0:00:03]} Kf6 {[%emt 0:00:04]} 32. Re5 {[%emt 0:00:04]} Bf7 {[%emt 0:00:04]} 33. Kg3 {[%emt 0:00:06]} Rh8 {[%emt 0:00:04]} 34. Rfe2 {[%emt 0:00:18]} Rh1 {[%emt 0:00:02]} 35. g5+ {[%emt 0:00:01]} Kg7 {[%emt 0:00:01]} 36. Rxe6 {[%emt 0:00:06]} Bxe6 {[%emt 0:00:07]} 37. Rxe6 {[%emt 0:00:00]} c4 {[%emt 0:00:07]} 38. bxc4 {[%emt 0:00:13]} dxc4 {[%emt 0:00:01]} 39. Rxg6+ {[%emt 0:00:03]} Kf8 {[%emt 0:00:01]} 40. Be4 {[%emt 0:00:14]} Re1 {[%emt 0:00:02]} 41. Re6 {[%emt 0:00:07]} Rg1+ {[%emt 0:00:12]} 42. Kf2 {[%emt 0:00:02]} Raa1 {[%emt 0:00:03]} 43. Ke3 {[%emt 0:00:06]} Rad1 {[%emt 0:00:02]} 44. f5 {[%emt 0:00:04]} Rxg5 {[%emt 0:00:02]} 45. Kf4 {[%emt 0:00:02]} Rg7 {[%emt 0:00:05]} 46. f6 {[%emt 0:00:03]} Rf1+ {[%emt 0:00:03]} 47. Ke5 {[%emt 0:00:13]} Rg5+ {[%emt 0:00:02]} 48. Kd4 {[%emt 0:00:01]} Rg4 {[%emt 0:00:05]} 49. Kxc4 {[%emt 0:00:07]} Rgf4 {[%emt 0:00:01]} 50. Kd4 {[%emt 0:00:06]} Rxf6 {[%emt 0:00:01]} 51. Rxf6+ {[%emt 0:00:01]} Rxf6 {[%emt 0:00:01]} 52. c4 {[%emt 0:00:01]} Ke7 {[%emt 0:00:01]} 53. c5 {[%emt 0:00:00]} Kd7 {[%emt 0:00:01]} 54. c6+ {[%emt 0:00:02]} Rxc6 55. Bxc6+ {[%emt 0:00:00]} Kxc6 {[%emt 0:00:01]} 1/2-1/2